ECCE Romani a Latin reading program (Record no. 74344)
[ view plain ]
| 000 -LEADER | |
|---|---|
| fixed length control field | 00388nam a2200157Ia 4500 |
| 001 - CONTROL NUMBER | |
| control field | 68312 |
| 008 - FIXED-LENGTH DATA ELEMENTS--GENERAL INFORMATION | |
| fixed length control field | 150819s9999 xx 000 0 und d |
| 020 ## - INTERNATIONAL STANDARD BOOK NUMBER | |
| International Standard Book Number | 058236664X |
| 040 ## - CATALOGING SOURCE | |
| Transcribing agency | PK-LaUMT |
| 082 ## - DEWEY DECIMAL CLASSIFICATION NUMBER | |
| Classification number | RCC 478 |
| Item number | ECC- |
| 245 ## - TITLE STATEMENT | |
| Title | ECCE Romani a Latin reading program |
| Remainder of title | meeting the family |
| 260 ## - PUBLICATION, DISTRIBUTION, ETC. (IMPRINT) | |
| Place of publication, distribution, etc | New York, USA: |
| Name of publisher, distributor, etc | Longman, |
| Date of publication, distribution, etc | 1984 |
| 300 ## - PHYSICAL DESCRIPTION | |
| Extent | 111 p. |
| 546 ## - LANGUAGE NOTE | |
| Language note | EN |
| 942 ## - ADDED ENTRY ELEMENTS (KOHA) | |
| Koha item type | Books |
| Withdrawn status | Lost status | Damaged status | Not for loan | Home library | Current library | Date acquired | Total Checkouts | Full call number | Barcode | Date last seen | Price effective from | Koha item type |
|---|---|---|---|---|---|---|---|---|---|---|---|---|
| UMT Main Campus | UMT Main Campus | 2015-08-19 | RCC 478 ECC- | 93966 | 2015-08-19 | 2015-08-19 | Books |
